Gaming Quiz

Random Gaming or Football Quiz

Warhammer 40k Special Characters Quiz Stats

 Plays Quiz not verified by Sporcle

Score 0/88 Timer 20:00
0 Plays Today
Codex Character % Correct
Space MarineMarneus Agustus Calgar
75.3%
Chaos Space MarinesEzekyle Abaddon/Abaddon the Despoiler
63%
Blood AngelsDante
60.7%
Chaos Space MarinesKharn the Betrayer
55.5%
Imperial GuardSebastian Yarrick
52%
Chaos Space MarinesLucius the Eternal
51.5%
Imperial GuardUrsarkar E Creed
50.9%
Chaos Space MarinesTyphus
50.5%
EldarEldrad Ulthuan
49%
Blood AngelsMephiston/Brother Calistarius
47.3%
Space MarineVulkan He'Stan
46.8%
Chaos Space MarinesAhriman
46.6%
Space MarineDarnath Lysander
46.4%
Tau EmpireShas'O Vior'la Shovah Kais Mont'yr/O'Shovah/Commander Farsight
45.9%
Space MarineCato Sicarius
44.5%
Space MarineKayvaan Shrike
44.4%
Space MarineKor'Sarro Khan
44%
Chaos Space MarinesFabius Bile
42.1%
Space WolvesRagnar Blackmane
41.9%
Dark AngelsAzrael
41.5%
Tau EmpireO'Shaserra/Commander Shadowsun
39.5%
Space WolvesBjorn the Fell-Handed
39.2%
Space MarineVarro Tigurius
38.7%
NecronsThe Nightbringer
38.5%
Space MarinePedro Kantor
37.1%
Black TemplarsHelbrecht
37.1%
Space WolvesLogan Grimnar, The Great Wolf
36.4%
Dark EldarAsdrubael Vect
35.8%
Space MarineOrtan Cassius
34.9%
EldarPrince Yriel
34.9%
Codex Character % Correct
NecronsThe Deceiver
34.5%
EldarJain Zar, The Storm of Silence
32.7%
Imperial GuardJarran Kell
32.4%
Blood AngelsBrother Captain Erasmus Tycho
32%
Chaos Space MarinesLufgt Huron/Huron Blackheart
31.9%
Dark AngelsEzekiel
31.7%
EldarFuegan, The Burning Lance
31.7%
Imperial GuardSly Marbo
31.6%
Imperial Guard'Iron Hand' Straken
30.8%
Dark AngelsBelial
30.6%
Chaos DaemonsU'Zuhl/Skulltaker
30.6%
Dark EldarLelith Hesperax
30.4%
Space MarineTorias Telion
30%
EldarMaugan Ra, The Harvester of Souls
29%
Chaos DaemonsThe Masque
29%
Tau EmpireAun'va
28.8%
Blood AngelsBrother Corbulo
28.4%
EldarKarandras, The Shadow Hunter
27.9%
Chaos DaemonsFateweaver
26.9%
Space WolvesNjal Stormcaller
26.6%
EldarBaharroth, The Cry of the Wind
26.6%
Black TemplarsGrimaldus
26.4%
OrksGhazghkull Mag Uruk Thraka
26.2%
OrksGrotsnik
26.2%
Blood AngelsLemartes
25.9%
Dark AngelsSammael
25.6%
DaemonhuntersStern
25.5%
Space WolvesLukas the Trickster
25.4%
Chaos DaemonsSkarbrand the Exiled One
24.9%
Imperial GuardPask
24.5%
Codex Character % Correct
Witch HuntersCelestine
24.1%
EldarAsurman, The Hand of Asuryan
23.1%
Space WolvesUlrik the Slayer
23%
DaemonhuntersTorquemada Coteaz
22.8%
Dark EldarDrazhar
22.5%
Space MarineAntaro Chronus
21.7%
Chaos DaemonsP'tarix and Xirat'p/The Blue Scribes
21.7%
Dark EldarUrien Rakarth
20.9%
Chaos DaemonsThe Changeling
20%
Imperial Guard'Sabertooth' Harker
19.9%
OrksSnikrot
19.9%
Chaos DaemonsEpidemius
19.9%
Witch HuntersFyodor Karamazov
18.8%
Space WolvesCanis Wolfborn
18.7%
Space WolvesArjac Rockfist
17.4%
OrksKaptain Badrukk
16.7%
Chaos DaemonsKu'Gath the Plaguefather
15.9%
Imperial GuardAl'Rahem
15.6%
Chaos DaemonsKaranak
15%
Imperial GuardNork Deddog
14.6%
OrksWazdakka Gutsmek
14.4%
Dark EldarDecapitator
13%
OrksZagstruk
12.9%
Imperial GuardKubrik Chenkov
11.8%
Imperial GuardLukas Bastonne
11.7%
OrksOld Zogwort
8.4%
Dark EldarKruellagh the Vile
8.3%
Imperial GuardMogul Kamir
6.7%

You're not logged in!

Compare scores with friends on all Sporcle quizzes.
OR
Log In

Sporcle TV

Today on Sporcle TV


Watch our educational content, quiz creation guides, and fun videos on Sporcle TV.

Show Comments

Extras

Top Quizzes Today


Score Distribution

Your Account Isn't Verified!

In order to create a playlist on Sporcle, you need to verify the email address you used during registration. Go to your Sporcle Settings to finish the process.

Report this User

Report this user for behavior that violates our Community Guidelines.

Details: